00927cam a22002771 4500001001300000003000400013005001700017008004100034010001700075035001900092040004600111042001200157043002100169050001600190100004500206245011200251260002300363300005400386410004500440650001900485650002000504650003200524650003300556700004300589999001700632gs 64000341 DLC20260227111415.0821020s1962 dcuab f000 0 eng c ags 64000341  a(OCoLC)8877812 aU.S. Geol. Survey. Libr.cMsSMdMsSMdDLC apremarc an-us-idan-us-nv00aGB1219b.T51 aThomas, Cecil A.q(Cecil Albert),d1915-10aFloods of February 1962 in southern Idaho and northeastern Nevada,cby Cecil A. Thomas and Robert D. Lamke. aWashington,c1962. aiii, 30 p.billus., maps, diagrs., tables.c27cm.20aGeological Survey (U.S.).tCircularv467 0aFloodszIdaho. 0aFloodszNevada. 0aStream measurementszIdaho. 0aStream measurementszNevada.1 aLamke, Robert D.,d1928-ejoint author c29908d29908